00937cam a22002657a 4500003000500000005001700005008004100022010001000063011001000073035001000083040000900093100003100102245014700133260004100280300002200321502006900343530003600412650003300448650002400481650002400505650003500529650002800564856006300592856001600655CHAP20220329142824.0040520ss004 mx r 00010 spa d a88295 a89267 a99818 cCHAP00aBautista Reyes, Francisco.10aSelección y multiplicación in vitro de calabazas (Cucurbita spp.) resistentes a herbicidas usados en maízc/por Francisco Bautista Reyes aChapingo, Méx. :bEl autor,c2004. a63 h. ;bgráfs. aTesis (M.C. en Horticultura) -- UACH. Departamento de Fitotecnia aTambién disponible en línea14aCalabazaxSelección masal.14aCultivo de tejidos.14aCultivos asociados.14aHerbicidasxEfecto en plantas.14aMalas hierbasxControl. 3Finding aiduhttp://10.13.5.2/tesis/99818.pdfzTeclea aqui a1 n0000854